00605cam a22001932 4500001001100000005001700011008004100028020002600069040001500095050002000110100003500130245009000165250001200255260002800267300001900295650002800314700003300342700003600375000000172720151217151826.0070322s xx 000 0 eng d a0256097909 :cKES 500 aKABUcKABU 0aHD31b.D66 19921 aDonnelly, James H.@000015071010aFundamentals of management /cJames H. Donnelly, James L. Gibson, John M. Ivancevich. a8th ed. aBoston :bIrwin,c1992. axxxiii, 839 p. 0aManagement.@00000839201 aGibson, James L.@00001482891 aIvancevich, John M.@0000150555